000 00754nam a2200277Ia 4500
003 OSt
005 20220925215222.0
006 a|||||r|||| 00| 0
007 ta
008 220923b |||||||| |||| 00| 0 eng d
020 _a0 34 91940 3
037 _cGeneral Book
040 _aRTL
_cRTL
_beng
041 _2eng
_aeng
082 _aX:51, M8
100 _aThomas Michael J
_9282408
245 0 _aMarketing digest
260 _aLondon
_bHeinemann
_c1988
300 _axii,436p
_ccm.
490 _aMarketing Series
500 _aBibliography chapterwise
650 _aMarketing
_915998
700 _a Watte Norman E
_9282409
942 _hX:51, M8
_cGB
_2CC
999 _c568234
_d568234